| 000 | 01121nmm a2200349 a 4500 | ||
|---|---|---|---|
| 003 | AR-BaBNM | ||
| 005 | 20251128205245.0 | ||
| 008 | 157019s1997 ||||||||||||||000 | spa|| | ||
| 020 | _a950-507-441-7 | ||
| 040 | _cAR-BaBNM | ||
| 100 | 1 | _aRamos Madero, Juan Alberto | |
| 245 | 1 | 0 |
_aEcoclub escolar _buna dinámica de integración de las ciencias naturales y sociales |
| 260 |
_aBuenos Aires _bBonum _c1997 |
||
| 300 |
_a112 p. _bdiagr., tablas |
||
| 500 | _aContiene en anexo, dinámicas de grupo: El átomo, El Lazarillo, Rol Playing, Camino de Cornisa | ||
| 504 | _aBibliografía: p. 107-110 | ||
| 650 | 4 | _aCIENCIAS SOCIALES | |
| 650 | 4 | _aCIENCIAS NATURALES | |
| 650 | 4 | _aMETODOS DE ENSENANZA | |
| 650 | 4 | _aCLUBES | |
| 650 | 4 | _aTALLERES ESCOLARES | |
| 650 | 4 | _aEDUCACION AMBIENTAL | |
| 653 | _aEDUCACION GENERAL BASICA | ||
| 653 | _aCONTENIDOS BASICOS COMUNES | ||
| 653 | _aCONTENIDOS ACTITUDINALES | ||
| 653 | _aCONTENIDOS PROCEDIMENTALES | ||
| 653 | _aCONTENIDOS CONCEPTUALES | ||
| 700 | 1 | _aGarcía, Patricia del Carmen | |
| 700 | 1 | _aMonta, Julia Alicia | |
| 942 | _cBK | ||
| 998 | _csilvi | ||
| 999 |
_c10619 _d10619 |
||